<?xml version="1.0" encoding="UTF-8"?>
<record
    xmlns:xsi="http://www.w3.org/2001/XMLSchema-instance"
    xsi:schemaLocation="http://www.loc.gov/MARC21/slim http://www.loc.gov/standards/marcxml/schema/MARC21slim.xsd"
    xmlns="http://www.loc.gov/MARC21/slim">

  <leader>01763nam a2200241Ia 4500</leader>
  <datafield tag="952" ind1=" " ind2=" ">
    <subfield code="0">0</subfield>
    <subfield code="1">0</subfield>
    <subfield code="4">0</subfield>
    <subfield code="7">0</subfield>
    <subfield code="a">11</subfield>
    <subfield code="b">11</subfield>
    <subfield code="d">2008-10-17</subfield>
    <subfield code="l">0</subfield>
    <subfield code="o">QD42 P744 1999</subfield>
    <subfield code="p">11 007504</subfield>
    <subfield code="r">2012-06-26</subfield>
    <subfield code="t">2</subfield>
    <subfield code="w">2012-06-26</subfield>
    <subfield code="y">LB</subfield>
  </datafield>
  <datafield tag="952" ind1=" " ind2=" ">
    <subfield code="0">0</subfield>
    <subfield code="1">0</subfield>
    <subfield code="2">lcc</subfield>
    <subfield code="4">0</subfield>
    <subfield code="7">0</subfield>
    <subfield code="a">14</subfield>
    <subfield code="b">14</subfield>
    <subfield code="d">2018-11-21</subfield>
    <subfield code="l">0</subfield>
    <subfield code="o">QD42 P744 1999</subfield>
    <subfield code="p">14 007043</subfield>
    <subfield code="r">2018-11-21</subfield>
    <subfield code="t">1</subfield>
    <subfield code="w">2018-11-21</subfield>
    <subfield code="y">LB</subfield>
  </datafield>
  <datafield tag="952" ind1=" " ind2=" ">
    <subfield code="0">0</subfield>
    <subfield code="1">0</subfield>
    <subfield code="2">lcc</subfield>
    <subfield code="4">0</subfield>
    <subfield code="7">0</subfield>
    <subfield code="a">01</subfield>
    <subfield code="b">01</subfield>
    <subfield code="d">2023-02-22</subfield>
    <subfield code="l">1</subfield>
    <subfield code="o">QD42  P744 1999</subfield>
    <subfield code="p">16 004099</subfield>
    <subfield code="r">2023-08-22</subfield>
    <subfield code="s">2023-08-18</subfield>
    <subfield code="t">1</subfield>
    <subfield code="w">2023-02-22</subfield>
    <subfield code="y">LB</subfield>
  </datafield>
  <datafield tag="999" ind1=" " ind2=" ">
    <subfield code="c">72038</subfield>
    <subfield code="d">72038</subfield>
  </datafield>
  <controlfield tag="008">120626s1999    mx a          000 0 spa d</controlfield>
  <datafield tag="020" ind1=" " ind2=" ">
    <subfield code="a">9684399022</subfield>
  </datafield>
  <datafield tag="050" ind1=" " ind2=" ">
    <subfield code="a">QD42 </subfield>
    <subfield code="b">P744 1999</subfield>
  </datafield>
  <datafield tag="245" ind1="1" ind2="0">
    <subfield code="a">Pr&#xE1;cticas de Qu&#xED;mica 3- 4 </subfield>
    <subfield code="b">: Tronco com&#xFA;n del bachillerato</subfield>
    <subfield code="c">/ Glafira, Angeles Ocampo: et.al.</subfield>
  </datafield>
  <datafield tag="260" ind1=" " ind2=" ">
    <subfield code="a">M&#xE9;xico </subfield>
    <subfield code="b">: Publicaciones Cultural</subfield>
    <subfield code="c">, 2005</subfield>
  </datafield>
  <datafield tag="300" ind1=" " ind2=" ">
    <subfield code="a">154 p&#xE1;ginas </subfield>
  </datafield>
  <datafield tag="500" ind1=" " ind2=" ">
    <subfield code="a">Incluye: Contenido, Introducci&#xF3;n, Ap&#xE9;ndices</subfield>
  </datafield>
  <datafield tag="505" ind1=" " ind2=" ">
    <subfield code="a">Termodin&#xE1;mica  
Velocidad de reacci&#xF3;n  
&#xC1;cidos y bases  
Diferencias entre compuestos org&#xE1;nicos e inorg&#xE1;nicos  
Nomenclatura de alcanos, obtenci&#xF3;n y usos  
Nomenclatura de alquenos, obtenci&#xF3;n y usos  
Nomenclatura de alquinos y obtenci&#xF3;n del acetileno  
El petr&#xF3;leo y sus derivados  
Nomenclatura de los principales grupos funcionales I  
Nomenclatura de los priNcipales grupos funcionales II  
Preparaci&#xF3;n del benceno  
Compuestos derivados del benceno  
Reacciones de eliminaci&#xF3;n y adici&#xF3;n  
Reacciones de substituci&#xF3;n y condensaci&#xF3;n  
Carbohidratos (Monosac&#xE1;ridos, disac&#xE1;ridos y polisac&#xE1;ridos)  
Prote&#xED;nas  
Introducci&#xF3;n a la tecnolog&#xED;a qu&#xED;mica  
Procesos operacionales unitarias  
An&#xE1;lisis cualitativo  
An&#xE1;lisis cuantitativo  
Minerales  
Hidrop&#xF3;nica  
Elaboraci&#xF3;n de productos alimenticios 
Industria Qu&#xED;mico- Farmac&#xE9;utica </subfield>
  </datafield>
  <datafield tag="519" ind1=" " ind2=" ">
    <subfield code="a">Material Complementario/  </subfield>
    <subfield code="d">(11 007503)  
</subfield>
  </datafield>
  <datafield tag="650" ind1=" " ind2="0">
    <subfield code="a">QUIMICA</subfield>
    <subfield code="x">EXPERIMENTOS</subfield>
  </datafield>
  <datafield tag="700" ind1=" " ind2=" ">
    <subfield code="a">&#xC1;ngeles Ocampo, Glafira, autor.</subfield>
  </datafield>
  <datafield tag="700" ind1=" " ind2=" ">
    <subfield code="a">Fabila Guti&#xE9;rrez, Froyl&#xE1;n</subfield>
    <subfield code="e">autor</subfield>
  </datafield>
  <datafield tag="700" ind1=" " ind2=" ">
    <subfield code="a">Ju&#xE1;rez Calder&#xF3;n, Jos&#xE9; Manuel</subfield>
    <subfield code="e">autor</subfield>
  </datafield>
  <datafield tag="700" ind1=" " ind2=" ">
    <subfield code="a">Monsalvo V&#xE1;zquez, Ra&#xFA;l</subfield>
    <subfield code="e">autor</subfield>
  </datafield>
  <datafield tag="700" ind1=" " ind2=" ">
    <subfield code="a">Ram&#xED;rez Regalado, Victor Manuel</subfield>
    <subfield code="e">autor</subfield>
  </datafield>
  <datafield tag="942" ind1=" " ind2=" ">
    <subfield code="c">LB</subfield>
  </datafield>
</record>
